000 01301cam a2200373 a 4500
999 _c2860
_d2860
001 017503520
003 OSt
005 20230824162153.0
008 100913s2010 enkah b 001 d eng d
015 _aGBB0B1308
_2bnb
020 _a9781903436813 (pbk.)
020 _a1903436818 (pbk.)
035 _a(Uk)015650059
035 _a(StEdALDL)1/2458197
035 _a(OCoLC)703849473
040 _aStDuBDS
_beng
_cStDuBDS
_dKH8
042 _aukscp
082 0 4 _a822.33 SHA
_222
100 1 _aShakespeare, William,
_d1564-1616,
_eauthor.
245 1 4 _aThe merchant of Venice /
_cedited by John Drakakis.
260 _aLondon :
_bArden Shakespeare,
_c2010.
300 _axx, 460 p. :
_bill., facsims. ;
_c21 cm.
490 1 _aThe Arden Shakespeare. 3rd series
504 _aIncludes bibliographical references (p. 434-451) and index.
600 0 0 _aShylock
_c(Fictitious character)
_vDrama.
600 1 0 _aShakespeare, William,
_d1564-1616.
_tMerchant of Venice.
600 1 0 _aShakespeare, William,
_d1564-1616
_xCriticism and interpretation.
650 0 _aMoneylenders
_zItaly
_zVenice
_vDrama.
650 0 _aJews
_zItaly
_zVenice
_vDrama.
651 0 _aVenice (Italy)
_vDrama.
700 1 _aDrakakis, John,
_eauthor.
800 1 _aShakespeare, William,
_d1564-1616.
_tWorks.
_f1995.
942 _2ddc
_cTR